<?xml version="1.0" encoding="UTF-8"?>
<record
    xmlns:xsi="http://www.w3.org/2001/XMLSchema-instance"
    xsi:schemaLocation="http://www.loc.gov/MARC21/slim http://www.loc.gov/standards/marcxml/schema/MARC21slim.xsd"
    xmlns="http://www.loc.gov/MARC21/slim">

  <leader>01139nam a22002417a 4500</leader>
  <controlfield tag="005">20150616131951.0</controlfield>
  <controlfield tag="008">150616b        mx||||| |||| 00| 0 spa d</controlfield>
  <datafield tag="020" ind1=" " ind2=" ">
    <subfield code="a">9789681675219 (rustica)</subfield>
  </datafield>
  <datafield tag="020" ind1=" " ind2=" ">
    <subfield code="a">9789681684112 (empastada)</subfield>
  </datafield>
  <datafield tag="050" ind1="0" ind2="s">
    <subfield code="a">PQ7297 .O46</subfield>
    <subfield code="b">T43  2007</subfield>
  </datafield>
  <datafield tag="100" ind1="1" ind2=" ">
    <subfield code="a">Olmos, Carlos,</subfield>
    <subfield code="d">1947</subfield>
  </datafield>
  <datafield tag="245" ind1="1" ind2="0">
    <subfield code="a">Teatro completo :</subfield>
    <subfield code="b">Carlos Olmos ; Pr&#xF3;logo y edici&#xF3;n de Julian Robles y Enrique Serna</subfield>
  </datafield>
  <datafield tag="250" ind1=" " ind2=" ">
    <subfield code="a">1a ed.</subfield>
  </datafield>
  <datafield tag="260" ind1=" " ind2=" ">
    <subfield code="a">M&#xE9;xico : </subfield>
    <subfield code="b">Fondo de Cultura Economica, </subfield>
    <subfield code="c">2007</subfield>
  </datafield>
  <datafield tag="300" ind1=" " ind2=" ">
    <subfield code="a">636 p., [16] p. l&#xE1;ms. :</subfield>
    <subfield code="b">il. ; </subfield>
    <subfield code="c">23 cm.</subfield>
  </datafield>
  <datafield tag="440" ind1=" " ind2="0">
    <subfield code="a">Colecci&#xF3;n : Letras mexicanas</subfield>
  </datafield>
  <datafield tag="440" ind1=" " ind2="0">
    <subfield code="a">Serie mayor </subfield>
  </datafield>
  <datafield tag="505" ind1=" " ind2=" ">
    <subfield code="a">Contenido : </subfield>
    <subfield code="g">v. Tr&#xED;ptico de juegos -- Juegos profanos (el infierno) -- Juegos impuros (el purgatorio) -- Juegos fatuos (la gloria) -- Lenguas muertas -- Las ruinas de Babilonia -- El presente perfecto -- La rosa de oro -- El brillo de la ausencia -- El dandy del hotel Savoy -- El eclipse -- Final de vierne -- Atardecer en el tropico -- Despu&#xE9;s del terremoto. </subfield>
  </datafield>
  <datafield tag="650" ind1=" " ind2="4">
    <subfield code="a">Teatro mexicano </subfield>
  </datafield>
  <datafield tag="700" ind1="1" ind2=" ">
    <subfield code="a">Robles, Juli&#xE1;n, </subfield>
    <subfield code="q">prolog.</subfield>
  </datafield>
  <datafield tag="700" ind1="1" ind2=" ">
    <subfield code="a">Serna, Enrique, </subfield>
    <subfield code="q">prolog.</subfield>
  </datafield>
  <datafield tag="942" ind1=" " ind2=" ">
    <subfield code="2">lcc</subfield>
    <subfield code="c">LIB</subfield>
  </datafield>
  <datafield tag="999" ind1=" " ind2=" ">
    <subfield code="c">95742</subfield>
    <subfield code="d">95742</subfield>
  </datafield>
  <datafield tag="952" ind1=" " ind2=" ">
    <subfield code="1">0</subfield>
    <subfield code="2">lcc</subfield>
    <subfield code="4">0</subfield>
    <subfield code="7">0</subfield>
    <subfield code="a">LIC-046</subfield>
    <subfield code="b">LIC-046</subfield>
    <subfield code="c">GENERAL</subfield>
    <subfield code="d">2015-06-16</subfield>
    <subfield code="f">1a ed.</subfield>
    <subfield code="h">LLH000006519</subfield>
    <subfield code="k">EH</subfield>
    <subfield code="o">PQ7297.O46 T43 2007</subfield>
    <subfield code="p">LLH000006519</subfield>
    <subfield code="r">2015-06-16 00:00:00</subfield>
    <subfield code="t">C:1</subfield>
    <subfield code="y">LIB</subfield>
    <subfield code="z">General</subfield>
  </datafield>
  <datafield tag="952" ind1=" " ind2=" ">
    <subfield code="1">0</subfield>
    <subfield code="2">lcc</subfield>
    <subfield code="4">0</subfield>
    <subfield code="7">0</subfield>
    <subfield code="a">LIC-046</subfield>
    <subfield code="b">LIC-046</subfield>
    <subfield code="c">GENERAL</subfield>
    <subfield code="d">2015-06-16</subfield>
    <subfield code="f">1a ed.</subfield>
    <subfield code="h">LLH000006520</subfield>
    <subfield code="k">EH</subfield>
    <subfield code="o">PQ7297.O46 T43 2007</subfield>
    <subfield code="p">LLH000006520</subfield>
    <subfield code="r">2015-06-16 00:00:00</subfield>
    <subfield code="t">C:2</subfield>
    <subfield code="y">LIB</subfield>
    <subfield code="z">General</subfield>
  </datafield>
  <datafield tag="952" ind1=" " ind2=" ">
    <subfield code="1">0</subfield>
    <subfield code="2">lcc</subfield>
    <subfield code="4">0</subfield>
    <subfield code="7">0</subfield>
    <subfield code="a">LIC-046</subfield>
    <subfield code="b">LIC-046</subfield>
    <subfield code="c">GENERAL</subfield>
    <subfield code="d">2015-06-16</subfield>
    <subfield code="f">1a ed.</subfield>
    <subfield code="h">LLH000006531</subfield>
    <subfield code="k">EH</subfield>
    <subfield code="o">PQ7297.O46 T43 2007</subfield>
    <subfield code="p">LLH000006531</subfield>
    <subfield code="r">2015-06-16 00:00:00</subfield>
    <subfield code="t">C:3</subfield>
    <subfield code="y">LIB</subfield>
    <subfield code="z">General</subfield>
  </datafield>
  <datafield tag="952" ind1=" " ind2=" ">
    <subfield code="1">0</subfield>
    <subfield code="2">lcc</subfield>
    <subfield code="4">0</subfield>
    <subfield code="7">0</subfield>
    <subfield code="a">LIC-046</subfield>
    <subfield code="b">LIC-046</subfield>
    <subfield code="c">GENERAL</subfield>
    <subfield code="d">2015-06-16</subfield>
    <subfield code="f">1a ed.</subfield>
    <subfield code="h">LLH000006532</subfield>
    <subfield code="k">EH</subfield>
    <subfield code="o">PQ7297.O46 T43 2007</subfield>
    <subfield code="p">LLH000006532</subfield>
    <subfield code="r">2015-06-16 00:00:00</subfield>
    <subfield code="t">C:4</subfield>
    <subfield code="y">LIB</subfield>
    <subfield code="z">General</subfield>
  </datafield>
</record>
